000 00398 a2200169 4500
001 72272
020 _a8576667606
040 _cAnchieta - Colégio São Paulo
100 _aDesprés, Bernadette
240 1 0 _aAbuso sexual, não!
_lpor
245 1 0 _aAbuso sexual, não!
300 _a32
362 0 _a2006
440 1 _aEscala Educacional
650 4 _aLiteratura infanto-juvenil
942 _cBK
999 _c72272
_d72272